Normal view
MARC view
- Ebel, Hans F
Entry Personal Name
001 - CONTROL NUMBER
- control field: 6176
003 - CONTROL NUMBER IDENTIFIER
- control field: OSt
005 - DATE AND TIME OF LATEST TRANSACTION
- control field: 20240323110122.0
008 - FIXED-LENGTH DATA ELEMENTS
- fixed length control field: 240323|| aca||aabn | a|a d
040 ## - CATALOGING SOURCE
- Original cataloging agency: OSt
- Transcribing agency: OSt
100 ## - HEADING--PERSONAL NAME
- Personal name: Ebel, Hans F
670 ## - SOURCE DATA FOUND
- Source citation: Work cat.: (OSt)13537: Russey, Willam E . 6174, How to write a successful science thesis / , 2007.
